| 000 | 00682nam a2200205Ia 4500 | ||
|---|---|---|---|
| 001 | 1165 | ||
| 003 | GE_BSU | ||
| 008 | 181216s||||||||xx |||||||||||||| ||und|| | ||
| 040 | _cGE_BSU | ||
| 080 | _a631.4(076) | ||
| 100 | _aტალახაძე გ .რ. | ||
| 245 | _aნიადაგმცოდნეობის პრაქტიკუმი. | ||
| 260 | _aთბილისი | ||
| 260 | _bსასოფლო სამეურნეო ინსტიტუტის გამომცემლობა | ||
| 260 | _c1962. | ||
| 300 | _a264 გვ, 23 სმ. | ||
| 541 | _h10 ლ. | ||
| 653 | _aნიადაგმცოდნეობა. | ||
| 942 | _cBK | ||
| 999 |
_c35314 _d35314 |
||